00301nam a2200121Ia 4500008004100000041000800041082001200049100002100061245002900082260003300111300002400144365001100168240624s9999 xx 000 0 und d aeng a828 FRA aFRANKL VIKTORE E aMAN S SEARCH FOR MEANING c2008aNew DelhibRider Books a154 : p. : cm. ; 17 cRSb30